000 00720nam a2200145Ia 4500
008 231221s9999 xx 000 0 und d
041 _aEnglish
082 _aJNEC12-350
100 _aRao, Sambasiva V. Arathi, Shankar R. Pattar, R.
245 0 _aQualitative Analysis of QoS parameters at the Layer 1 and Layer 2 of MOBILE WiMAX 802.16e
260 _c2012
500 _aQualitative Analysis of QoS parameters at the Layer 1 and Layer 2 of MOBILE WiMAX 802.16e.International Journal of Wireless & Mobile Networks (IJWMN) Vol. 4, No. 2, April 2012. Pp 69-82. Prof.V.Sambasiva Rao,Arathi.R.Shankar, Adarsh Pattar,69-82
650 _aQualitative,QoS,parameters,Layer,1,Layer, o, MOBIL, WiMA, 802.16e
942 _cIR
999 _c217796
_d217796